00719nam a2200181Ia 4500100002600000650001900026942000700045366000700052654001900059245001900078260004700097082002100144300000900165546001200174999001700186952016700203952016700370 aPandya/N.C/ Shah/C.S  aMachine Design cBK f15 amachine design aMachine Design bCharotar Publishing HouseaNew Delhic2006 a621.815/PANbPAN a1064 aENGLISH c21437d21437 001040708CRCaCRCEbCRCEd2023-03-17eEducational books and periodicalsg191.25i111dt08/12/2008l0o621.815/PAN PANp19144r2023-03-17v225.00w0000-00-00yBK 001040708CRCaCRCEbCRCEd2023-03-17eEducational books and periodicalsg191.25i111dt08/12/2008l0o621.815/PAN PANp19145r2023-03-17v225.00w0000-00-00yBK